[Event "Trois-Rivieres op"]
[Site "Trois Rivieres"]
[Date "1976.04.14"]
[Round "4"]
[White "Loranger, Robert"]
[Black "Rouleau, Yves"]
[Result "0-1"]
[WhiteElo "1448"]
[BlackElo "1150"]
[PlyCount "94"]
[EventDate "1976.03.12"]
[EventType "swiss"]
[EventRounds "5"]
[EventCountry "CAN"]
[SourceTitle "EXT 2022"]
[Source "ChessBase"]
[SourceDate "2021.10.06"]
[SourceVersion "1"]
[SourceVersionDate "2021.10.06"]
[SourceQuality "1"]

1. e4 e5 2. Nf3 Nc6 3. d4 d6 4. dxe5 dxe5 5. Qxd8+ Kxd8 6. Bc4 Be6 7. Bxe6 fxe6 8. Ng5 Ke8 9. Nxe6 Kd7 10. Nxf8+ Rxf8 11. 0-0 Nf6 12. Nc3 Rd8 13. Bg5 Rhf8 14. Nd5 h6 15. Nxf6+ gxf6 16. Bxh6 Rf7 17. Rad1+ Ke8 18. Rxd8+ Nxd8 19. Be3 a6 20. Rd1 Rd7 21. Rxd7 Kxd7 22. h4 Nf7 23. g3 Ke8 24. Kf1 Kf8 25. Ke2 Kg7 26. Kd3 Nd6 27. a4 b5 28. axb5 axb5 29. b3 c6 30. Bc5 Nb7 31. b4 Kg6 32. g4 Nd8 33. f3 Nf7 34. Ke3 Nh6 35. Bf8 Nf7 36. f4 Nh6 37. h5+ Kh7 38. Bxh6 Kxh6 39. g5+ fxg5 40. fxe5 Kxh5 41. e6 Kg6 42. e7 Kf7 43. e8Q+ Kxe8 44. Kf3 Ke7 45. Kg4 Kf6 46. c3 Ke5 47. Kxg5 Kxe4 0-1